Creation and fall : (Record no. 6553)
[ view plain ]
| 000 -LEADER | |
|---|---|
| fixed length control field | 00872cam a2200229 a 4500 |
| 001 - CONTROL NUMBER | |
| control field | 3072371 |
| 005 - DATE AND TIME OF LATEST TRANSACTION | |
| control field | 20250617135511.0 |
| 008 - FIXED-LENGTH DATA ELEMENTS--GENERAL INFORMATION | |
| fixed length control field | 970819s1997 mnu b 001 0 eng |
| 020 ## - INTERNATIONAL STANDARD BOOK NUMBER | |
| International Standard Book Number | 080068303X (alk. paper) |
| 041 1# - LANGUAGE CODE | |
| Language code of text/sound track or separate title | eng |
| Language code of original | ger |
| 050 00 - LIBRARY OF CONGRESS CALL NUMBER | |
| Classification number | BR45 |
| Item number | .B6513 1996 vol. 3 |
| Classification number | BS1235.B653 |
| 082 00 - DEWEY DECIMAL CLASSIFICATION NUMBER | |
| Classification number | 230/.044 s |
| -- | 222/.1106 |
| Edition information | 21 |
| 100 1# - MAIN ENTRY--PERSONAL NAME | |
| Personal name | Bonhoeffer, Dietrich, |
| Dates associated with a name | 1906-1945. |
| 245 10 - TITLE STATEMENT | |
| Title | Creation and fall : |
| Remainder of title | a theological exposition of Genesis 1-3 / |
| Statement of responsibility, etc. | Dietrich Bonhoeffer ; translated from the German edition edited by Martin Rüter and Ilse Tödt ; English edition edited by John W. de Gruchy ; translated by Douglas Stephen Bax. |
| 260 ## - PUBLICATION, DISTRIBUTION, ETC. | |
| Place of publication, distribution, etc. | Minneapolis : |
| Name of publisher, distributor, etc. | Fortress Press, |
| Date of publication, distribution, etc. | 1997. |
| 300 ## - PHYSICAL DESCRIPTION | |
| Extent | xiv, 207 p. ; |
| Dimensions | 24 cm. |
| 650 #0 - SUBJECT ADDED ENTRY--TOPICAL TERM | |
| Topical term or geographic name entry element | Creation. |
| 650 #0 - SUBJECT ADDED ENTRY--TOPICAL TERM | |
| Topical term or geographic name entry element | Sin |
| General subdivision | Christianity. |
| 700 1# - ADDED ENTRY--PERSONAL NAME | |
| Personal name | De Gruchy, John W. |
| 700 1# - ADDED ENTRY--PERSONAL NAME | |
| Personal name | Bax, Douglas S. |
| 942 ## - ADDED ENTRY ELEMENTS (KOHA) | |
| Source of classification or shelving scheme | Library of Congress Classification |
| Koha item type | Books |
| Suppress in OPAC | No |
| 999 ## - | |
| -- | 6553 |
| -- | 6553 |
| Withdrawn status | Lost status | Source of classification or shelving scheme | Damaged status | Not for loan | Collection | Home library | Current library | Shelving location | Date acquired | Total checkouts | Full call number | Barcode | Date last seen | Copy number | Price effective from | Koha item type |
|---|---|---|---|---|---|---|---|---|---|---|---|---|---|---|---|---|
| Library of Congress Classification | Non-fiction | Undergraduate Library (Christ Temple) | Undergraduate Library (Christ Temple) | General stacks | 06/17/2025 | BR45 BON | ulct00003407 | 06/17/2025 | 1 | 06/17/2025 | Books |